000 00920cam a22003254a 4500
005 20260322212057.0
008 data
010 _a 2003041655
020 _a9780205322077
020 _a0205322077
040 _aDLC
_cDLC
041 0 9 _aeng
042 _anlmcopyc
_anlmcopyc
044 _9United States
049 _aNLMM
050 0 0 _aRA971
_b.S72 2003
060 1 0 _aWM 420
_bS751b 2003
082 0 0 _a362.1/068/3
_221
100 1 _aSperry, Len.
245 1 0 _aBecoming an effective therapist /
_cLen Sperry, Jon Carlson & Diane Kjos.
260 _aBoston, Mass. :
_bAllyn and Bacon Permissions Dept.,
_cc2003.
300 _aix, 213 p.
504 _aIncludes bibliographical references and index.
650 1 2 _aPsychotherapy
_xmethods
650 2 2 _aPsychotherapy
_xorganization & administration
650 2 2 _aPhysician-Patient Relations
700 1 _aCarlson, Jon.
700 1 _aKjos, Diane.
001 data
999 _c1374
_d1374